000 00605nam a2200229Ia 4500
003 OSt
005 20220918191158.0
006 a|||||r|||| 00| 0
007 ta
008 220917b |||||||| |||| 00| 0 eng d
024 _a61,884
037 _cTextual
040 _aARTS
_cARTS
_beng
041 _2eng
_aeng
082 _aQ6:34:9, K2
100 _aFitch Robert Elliot
_975202
245 0 _aOyyssey of the self centred self or Yake's progress in religion
260 _c1962
650 _aRELIGION
942 _hQ6:34:9, K2
_cTEXL
_2CC
999 _c188651
_d188651